00353nam a2200145Ia 4500008004100000020001400041040001900055041001200074082002000086245002100106260002500127300003300152650000800185850001400193131103s9999 xx 000 0 und d a850520879 aLoreto College aEnglish aREFbLCBED/9911 aFlower arranging aLondonbOcopusc1979 a224p.b ill., photosc 24cm. aREF aLCBED/REF